Diskrétne deterministické modely návrhu dodávateľského reťazca - integrované úlohy

Prehľad literatúry zaoberajúcej sa modelmi návrhu dodávateľského reťazca (distribučnej siete) ktoré zohľadňujú v procese rozhodovania vplyv ako sú zásoby, plánovanie výroby a okružné jazdy.

Salvato in:
Dettagli Bibliografici
Autore principale: Reiff, Marian, 1978-
Natura: Capitolo di libro
Lingua:slovacco
Soggetti:
Tags: Aggiungi Tag
Nessun Tag, puoi essere il primo ad aggiungerne!!

MARC

LEADER 00000nla$a2200000$$$4500
001 0088369
005 20240502072005.7
041 0 |a slo 
044 |a SK 
245 1 0 |a Diskrétne deterministické modely návrhu dodávateľského reťazca - integrované úlohy  |c Marian Reiff 
520 |a Prehľad literatúry zaoberajúcej sa modelmi návrhu dodávateľského reťazca (distribučnej siete) ktoré zohľadňujú v procese rozhodovania vplyv ako sú zásoby, plánovanie výroby a okružné jazdy. 
610 2 0 |a reťazce distribučné 
610 2 0 |a dodávky 
610 2 0 |a zásoby 
610 2 0 |a plánovanie výroby 
610 2 0 |a modely distribučné 
100 1 |a Reiff, Marian, 1978-